LIBRARY & INFORMATION CENTRE, KCAET, TAVANUR

ONLINE PUBLIC ACCESS CATALOGUE (OPAC)

India`s poverty and its solution / (Record no. 12334)

MARC details
000 -LEADER
fixed length control field 00448cam a2200181ua 4500
041 ## - LANGUAGE CODE
Language code of text/sound track or separate title eng
082 ## - DEWEY DECIMAL CLASSIFICATION NUMBER
Classification number 339.46
Item number CHA/IN
100 ## - MAIN ENTRY--AUTHOR NAME
Personal name Charan , Singh .
245 ## - TITLE STATEMENT
Title India`s poverty and its solution /
250 ## - EDITION STATEMENT
Edition statement 2 /
260 ## - PUBLICATION, DISTRIBUTION, ETC. (IMPRINT)
Place of publication Mumbai :
Name of publisher Asia Publishing House ,
Year of publication 1965.
300 ## - PHYSICAL DESCRIPTION
Number of Pages 527 ; .
942 ## - ADDED ENTRY ELEMENTS (KOHA)
Koha item type Books
Holdings
Withdrawn status Lost status Damaged status Home library Current library Date acquired Full call number Accession Number Koha item type
Withdrawn     KAUAET Sanskrit University 07/04/2012 339.46 9796 Books
free website counter